Statistics for 15 Tallest buildings in the world 2020

Click here to take the quiz!

General Stats

  • This quiz has been taken 4 times
  • The average score is 3 of 15

Answer Stats

HintAnswer% Correct
United Arab Emirates, DubaiBurj Khalifa
100%
Taiwan, TaipeiTaipei 101
75%
United States, New YorkOne World Trade Center
50%
Vietnam, Ho Chi MinhLandmark 81
25%
China, HunanChangsha IFS Tower T1
0%
China, BeijingChina Zun
0%
China, GuangzhouGuangzhou Chow Tai Fook Finance Centre
0%
Hongkong, HongkongInternational Commerce Centre
0%
Russia, Saint PetersburgLakhta Centre
0%
South Korea, SeoulLotte world tower
0%
Saudi Arabia, MeccaMakkah Royal Clock Tower
0%
China, ShenzenPing An Finance Tower
0%
China, ShanghaiShanghai tower
0%
China, ShanghaiShanghai World Financial Centre
0%
China, TianjinTianjin Chow Tai Fook Finance Centre
0%

Score Distribution

Percentile by Number Answered

Percent of People with Each Score

Your Score History

You have not taken this quiz